<?xml version="1.0" encoding="UTF-8"?>
<record
    xmlns:xsi="http://www.w3.org/2001/XMLSchema-instance"
    xsi:schemaLocation="http://www.loc.gov/MARC21/slim http://www.loc.gov/standards/marcxml/schema/MARC21slim.xsd"
    xmlns="http://www.loc.gov/MARC21/slim">

  <leader>00511     2200181   4500</leader>
  <controlfield tag="001">76096</controlfield>
  <controlfield tag="005">20260331074306.0</controlfield>
  <datafield tag="010" ind1=" " ind2=" ">
    <subfield code="a">978-972-23-5514-8</subfield>
  </datafield>
  <datafield tag="090" ind1=" " ind2=" ">
    <subfield code="a">76096</subfield>
  </datafield>
  <datafield tag="100" ind1=" " ind2=" ">
    <subfield code="a">20260331d2015    c||y0pory50      ba</subfield>
  </datafield>
  <datafield tag="200" ind1=" " ind2=" ">
    <subfield code="a">O Principezinho para os mais pequeninos</subfield>
    <subfield code="f">Antoine de Saint-Exup&#xE9;ry</subfield>
    <subfield code="g">Helena Rom&#xE3;o</subfield>
  </datafield>
  <datafield tag="205" ind1=" " ind2=" ">
    <subfield code="a">4&#xAA;</subfield>
  </datafield>
  <datafield tag="210" ind1=" " ind2=" ">
    <subfield code="a">Lisboa</subfield>
    <subfield code="c">Presen&#xE7;a</subfield>
    <subfield code="d">2015</subfield>
  </datafield>
  <datafield tag="215" ind1=" " ind2=" ">
    <subfield code="a">7p.</subfield>
  </datafield>
  <datafield tag="675" ind1=" " ind2=" ">
    <subfield code="a">82</subfield>
    <subfield code="v">4&#xAA;</subfield>
  </datafield>
  <datafield tag="700" ind1=" " ind2=" ">
    <subfield code="a">Saint-Exup&#xE9;ry</subfield>
    <subfield code="b">Antoine de</subfield>
    <subfield code="f">1900-1944</subfield>
  </datafield>
  <datafield tag="702" ind1=" " ind2="1">
    <subfield code="a">Rom&#xE3;o</subfield>
    <subfield code="b">Helena</subfield>
    <subfield code="4">730</subfield>
    <subfield code="9">49203</subfield>
  </datafield>
  <datafield tag="942" ind1=" " ind2=" ">
    <subfield code="c">MON</subfield>
    <subfield code="n">0</subfield>
  </datafield>
  <datafield tag="995" ind1=" " ind2=" ">
    <subfield code="0">0</subfield>
    <subfield code="2">0</subfield>
    <subfield code="5">2026-03-31</subfield>
    <subfield code="9">123706</subfield>
    <subfield code="b">BEBDMI</subfield>
    <subfield code="c">BEBDMI</subfield>
    <subfield code="f">BEBDMI9740</subfield>
    <subfield code="j">9740</subfield>
    <subfield code="k">I - 2 SAI</subfield>
    <subfield code="o">0</subfield>
    <subfield code="r">MON</subfield>
  </datafield>
</record>
